Statistics for Serie A Champions

Click here to take the quiz!

General Stats

  • This quiz has been taken 38,886 times
    (9,613 since last reset)
  • The average score is 9 of 12

Answer Stats

WinsMost recentClub% Correct
192022AC Milan
99%
362020Juventus FC
98%
202024Inter Milan
97%
32023SSC Napoli
97%
32001AS Roma
93%
22000SS Lazio
82%
21969ACF Fiorentina
69%
71976Torino FC
65%
71964Bologna FC
61%
11991UC Sampdoria
50%
11985Hellas Verona FC
49%
11970Cagliari Calcio
41%

Score Distribution

Percentile by Number Answered

Percent of People with Each Score

Your Score History

You have not taken this quiz since the last reset